| 000 | 00676nam a2200205 a 4500 | ||
|---|---|---|---|
| 001 | 000114003 | ||
| 003 | AM-YEHGA | ||
| 005 | 20250617122436.0 | ||
| 008 | 990217s1980 ||||||||||||||||||||rus d | ||
| 040 | _aAM-YeHGA | ||
| 100 | 1 | _aМилинчук, В.К. | |
| 245 | 1 | 0 |
_aМакрорадикалы / _cВ.К. Милинчук, Э.Р. Клиншпонт, С.Я. Пшежецкий. |
| 260 |
_aМосква : _bХимия, _c1980. |
||
| 300 | _a264 с. | ||
| 650 | 1 | 4 | _aМакрорадикалы |
| 650 | 1 | 4 | _aТеоретическая химия |
| 700 | 1 | _aКлиншпонт, Э.Р. | |
| 700 | 1 | _aПшежецкий, Самуил Яковлевич | |
| 090 | _c37938 | ||
| 999 |
_c37374 _d37374 |
||